000 00567 a2200157 4500
082 _a861.728.1
_bAZ997l
100 _aAzurdia. Margarita
_9273
245 _aEl libro de Margarita
250 _a2 edicion
260 _aGuatemala
_bEspacio Ediciones S. A.
_c1992
300 _a94 p.
_bill (a color)
_c17.5 cm
505 _tPrologo
_tEl Cuento de Una Soledad
_t27 Apuntes de Margarita Rita Rica Dinamita
_t24 Anotaciones
_tEl Cuento de Clara Luz
_tY otros poemas
650 _aPoesia
_xPoesia-Guatemala
_xMargarita Azurdia
_9274
690 _aPoesia
700 _aMargarita Azurdia
_9275
999 _c60
_d60